00301 a2200109 450000500170000002000180001708200150003510000150005024500240006526000530008930000490014220250506095934.0 a0-03-042001-6 a808.51 COH aCOHEN, E.  aSpeaking the Speech aNew York, bHolt, Rinehart and Winston, c1980.  axiii, 179p., ill., graphs, bIndex, c22cm.